| 000 | 00502cam a2200193ua 4500 | ||
|---|---|---|---|
| 001 | 12124 | ||
| 005 | 20260515114836.0 | ||
| 008 | 200222n ii |||gr||||Z||||||eng | ||
| 020 | _a9788125937180 | ||
| 040 | _cMAIN | ||
| 082 | _a370.54 | ||
| 100 |
_aJ C Aggarwal, _eAuthor. |
||
| 245 |
_aLandmarks in the history of modern indian education _cBy J C Aggarwal |
||
| 250 | _a1st rep. | ||
| 260 |
_aNew Delhi: _bVikas publishing house, _c2013. |
||
| 300 | _a678p. | ||
| 653 | _aEducation | ||
| 942 | _cBK | ||
| 999 |
_c10882 _d10882 |
||